=LDR 00000nam 2200000 4500 =001 INLIS000000000028553 =005 20130612130841 =008 ***********************************Ind** =035 ##$$0010-061300000028553 =041 ##$$a Ind =082 ##$$a 920 =090 ##$$a 920, Sar p =100 ##$$a Sari, Amitri Dinar =245 ##$$a Perempuan semusim, kisah nyata metamorfosa lesbian ke heteroseksual, Amitri Dinar Sari =260 ##$$a 2005 $b Jakarta =300 ##$$a 233 hlm, ilus, 18 cm =650 ##$$a Biografi =850 ##$$a NBPNMAT =990 ##$$a 0001/BPAP-NTB/2016